01069cam a22002651a 4500001001300000003000400013005001700017008004100034010001700075035002000092040004400112043001200156050002200168100004700190245007100237250001900308260004900327300007500376490010800451500006500559504002400624500002000648650003700668830009800705gs 33000063 DLC20260227111337.0871119s1923 bl abf b 001 0 por c ags 33000063  a(OCoLC)17006497 aU.S. Geol. Survey. Libr.cCLUdCLUdDLC as-bl---00aTC841b.A3 no. 231 aWaring, Gerald A.q(Gerald Ashley),d1883-10aSupprimento d'agua no nordeste do Brasil /cpor Geraldo A. Waring. a2a. edição a[Rio de Janeiro] :bImprensa Ingleza,c1923. axlii, 78 p., [6] leaves of plates :bill., fold. map, diagr. ;c23 cm.1 aInspectoria Federal de Obras contra as Seccas ;vPublicação n. 23, Serie I. D. Hydrologia, Geologia aAt head of title: Ministerio da Viação e Obras Publicas. aBibliography: p. 6. aIncludes index. 0aWater-supplyzBrazil, Northeast. 0aPublicação (Brazil. Inspectoria Federal de Obras contra as Seccas) ;vn. 23, sér. 1, D.